Park v Gutmanove postavia Cestné stavby
Výstavba priemyselného parku v lokalite Humenné-Gutmanovo, ktorá nadväzuje na industriálnu zónu v areáli spoločnosti Chemes, budú realizovať Cestné stavby Liptovský Mikuláš. História priemyselného parku v Humennom sa datuje od r. 1999.
Gespeichert in:
| 1. Verfasser: | |
|---|---|
| Format: | Buchkapitel |
| Sprache: | Slowakisch |
| Schlagworte: | |
| Tags: |
Keine Tags, Fügen Sie das erste Tag hinzu!
|
MARC
| LEADER | 00000naa$a2200000$$$4500 | ||
|---|---|---|---|
| 001 | 0002618 | ||
| 005 | 20230925123504.1 | ||
| 041 | 0 | |a slo | |
| 044 | |a SK | ||
| 245 | 1 | 0 | |a Park v Gutmanove postavia Cestné stavby |c aut. Iveta Benková |
| 520 | |a Výstavba priemyselného parku v lokalite Humenné-Gutmanovo, ktorá nadväzuje na industriálnu zónu v areáli spoločnosti Chemes, budú realizovať Cestné stavby Liptovský Mikuláš. História priemyselného parku v Humennom sa datuje od r. 1999. | ||
| 610 | 2 | 0 | |a parky priemyselné |
| 610 | 2 | 0 | |a náklady investičné |
| 610 | 2 | 0 | |a investori |
| 610 | 2 | 0 | |a projekty investičné |
| 610 | 2 | 0 | |a dodávatelia |
| 610 | 2 | 0 | |a Humenné-Gutmanovo |
| 610 | 2 | 0 | |a dane z hodnoty pridanej |
| 100 | 1 | |a Benková, Iveta | |